| 000 | 00900nas a2200301 4500 | ||
|---|---|---|---|
| 001 | BR0808357 | ||
| 003 | BR-BrBNA | ||
| 005 | 20231205112820.0 | ||
| 007 | ta | ||
| 008 | 230509b bl.|||p| |||| 00| 00por d | ||
| 040 |
_aBR-BrBNA _bpor _cBiblioteca Nacional de Agricultura |
||
| 041 | _a(Pt) | ||
| 072 | _aH20; H10 | ||
| 100 | 1 | _aPereira, D.D. | |
| 100 | 1 | _aSarmento, M.B. | |
| 100 | 1 | _aLucas, M.A.K. | |
| 100 | 1 | _aMattos, M.L.T. | |
| 100 | 1 | _aSampaio, T.G. | |
| 100 | 1 | _aFagundes, J.D. | |
| 245 | 1 | _aEfeito do óleo essencial de plantas medicinais sobre microorganismos contaminantes em cultivo in vitro | |
| 650 | _aÓLEO | ||
| 650 | _aCONTAMINANTE | ||
| 650 | _aPLANTA MEDICINAL | ||
| 650 | _aBACTÉRIA | ||
| 773 | 0 |
_tRevista Científica Rural (Brazil) _xISSN 1413-8263 _g(2004), v. 9(2) p. 25-36 _wBR0808357 |
|
| 909 |
_a202311 _bLúcia _c55 _dLúcia Elande |
||
| 942 |
_2AGRIS _n0 _cANA |
||
| 999 |
_c200158 _d200158 |
||